Catalog

Record Details

Catalog Search



The aviator and the showman : Amelia Earhart, ... Read More

Available copies

  • 1 of 1 copy available at LARL/NWRL Consortium.
  • 1 of 1 copy available at Lake Agassiz Regional Library. (Show preferred library)

Current holds

0 current holds with 1 total copy.

Show Only Available Copies
Location Call Number / Copy Notes Barcode Shelving Location Status Due Date
Barnesville Public Library 920 SHA (Text) 33500014224802 New Available -

Record details

  • ISBN: 9780593295908
  • ISBN: 0593295900
  • Physical Description: xvi, 495 pages, 32 unnumbered pages of plates : ... Read More
  • Publisher: New York : Viking, [2025]

Content descriptions

Bibliography, etc. Note:
Includes bibliographical references and index.
Summary, etc.:
"The riveting and cinematic story of a partnership ... Read More
The Aviator and the Showman reveals the untold ... Read More
Subject: Earhart, Amelia, 1897-1937 > Marriage.
Putnam, George Palmer, 1887-1950 > Family.
Putnam family.
Women air pilots > United States > Biography.
Publishers and publishing > United States > Biography.
Domestic relations.
Women air pilots > Biography.
Publishers and publishing > United States > Biography.
Domestic relations.
Genre: Informational works.
Biographies.
LDR 04768cam a22005658i 4500
001458755
003LARL_NWRL_CONSORTIUM
00520250711141123.0
008241009s2025 nyuaf b 001 0ceng
010 . ‡a 2024043042
040 . ‡aDLC ‡beng ‡erda ‡cDLC ‡dOCLCO ‡dIG# ‡dMJ8 ‡dOCLCO ‡dLJW ‡dMWD ‡dOCO ‡dZAE
020 . ‡a9780593295908 ‡q(hardcover)
020 . ‡a0593295900
020 . ‡z9780593295915 ‡q(ebook)
035 . ‡a(OCoLC)1455631507
042 . ‡apcc
043 . ‡an-us---
08200. ‡a629.13092/2 ‡223/eng/20250304
1001 . ‡aShapiro, Laurie Gwen, ‡eauthor. ‡1https://id.oclc.org/worldcat/entity/E39PBJhhpKyBdtDGJVF7B7dfbd ‡0(LARL_NWRL_CONSORTIUM)221971
24514. ‡aThe aviator and the showman : ‡bAmelia Earhart, George Putnam, and the marriage that made an American icon / ‡cLaurie Gwen Shapiro.
24630. ‡aAmelia Earhart, George Putnam, and the marriage that made an American icon
264 1. ‡aNew York : ‡bViking, ‡c[2025]
300 . ‡axvi, 495 pages, 32 unnumbered pages of plates : ‡billustrations ; ‡c24 cm
336 . ‡atext ‡btxt ‡2rdacontent
337 . ‡aunmediated ‡bn ‡2rdamedia
338 . ‡avolume ‡bnc ‡2rdacarrier
504 . ‡aIncludes bibliographical references and index.
520 . ‡a"The riveting and cinematic story of a partnership that would change the world forever In 1928, a young social worker and hobby pilot named Amelia Earhart arrived in the office of George Putnam, heir to the Putnam & Sons throne and hitmaker, on the hunt for the right woman for a secret flying mission across the Atlantic. A partnership-professional and soon otherwise-was born. The Aviator and the Showman unveils the untold story of Amelia's decade-long marriage to George Putnam, offering an intimate exploration of their relationship and the pivotal role it played in her enduring legacy. Despite her outwardly modest and humble image, Amelia was fiercely driven and impossibly brave, a lifelong feminist and trailblazer in her personal and professional life. Putnam, the so-called "PT Barnum of publishing" was a bookselling visionary-but often pushed his authors to extreme lengths in the name of publicity, and no one bore that weight more than Amelia. Their ahead-of-its time partnership supported her grand ambitions-but also pressed her into more and more treacherous stunts to promote her books, influencing a certain recklessness up to and including her final flight. Earhart is a captivating figure to many, but the truth about her life is often overshadowed by myth and legend. In this cinematic new account, Laurie Gwen Shapiro emphasizes Earhart's human side, her struggles, and her authentic aspirations, the truths behind her brave pursuits and the compromises she made to fit into societal expectations. With a trove of new sources including undiscovered audio interviews from those closest to Amelia, Amelia and George presents her as a multifaceted woman-complete with flaws, desires, and competitive drive. It is a gripping and passionate tale of adventure, colorful characters, hubris, and a complex and a vivid portrait of a marriage that shaped the trajectory of an iconic life"-- ‡cProvided by publisher.
520 . ‡aThe Aviator and the Showman reveals the untold story of Amelia Earhart's complex marriage to publicist George Putnam, exploring how their partnership--both romantic and professional--shaped her public image and daring aviation career. Drawing from newly uncovered sources, the book offers a nuanced portrait of Earhart as a determined feminist and visionary, and of Putnam as a relentless promoter who fueled both her fame and risk-taking. This intimate biography reclaims the human truths behind the legend, portraying a woman navigating ambition, love, and societal expectation.
60010. ‡aEarhart, Amelia, ‡d1897-1937 ‡xMarriage.
60010. ‡aPutnam, George Palmer, ‡d1887-1950 ‡xFamily.
60030. ‡aPutnam family.
650 0. ‡aWomen air pilots ‡zUnited States ‡vBiography. ‡0(LARL_NWRL_CONSORTIUM)168017
650 0. ‡aPublishers and publishing ‡zUnited States ‡vBiography. ‡0(LARL_NWRL_CONSORTIUM)166776
650 0. ‡aDomestic relations. ‡0(LARL_NWRL_CONSORTIUM)18720
650 7. ‡aWomen air pilots ‡vBiography. ‡2sears
650 7. ‡aPublishers and publishing ‡zUnited States ‡vBiography. ‡2sears ‡0(LARL_NWRL_CONSORTIUM)166776
650 7. ‡aDomestic relations. ‡2sears ‡0(LARL_NWRL_CONSORTIUM)18720
655 7. ‡aInformational works. ‡2lcgft
655 7. ‡aBiographies. ‡2lcgft
77608. ‡iOnline version: ‡aShapiro, Laurie Gwen. ‡tAviator and the showman ‡dNew York : Viking, [2025] ‡z9780593295915 ‡w(DLC) 2024043043
901 . ‡a458755 ‡bOCoLC ‡c458755 ‡tbiblio ‡soclc

Additional Resources